| 000 | 00659cam a22002173a 4500 | ||
|---|---|---|---|
| 001 | 44237 | ||
| 003 | PGUSA | ||
| 005 | 20140828084017.0 | ||
| 008 | 131120s2013||||xxu|||||s|||||000 | eng d | ||
| 040 |
_aPGUSA _beng |
||
| 042 | _adc | ||
| 100 | 1 |
_aSaltykov, Mikhail Evgrafovich, _d1826-1889 |
|
| 245 | 1 | 2 |
_aA Family of Noblemen : _bThe Gentlemen Golovliov _h[electronic resource] / _cMikhail Evgrafovich Saltykov |
| 260 |
_bProject Gutenberg, _c2013 |
||
| 506 | _aPublic domain in the USA. | ||
| 516 | _aElectronic text | ||
| 700 | 1 | _aYarmolinsky, A. | |
| 830 | 0 |
_aProject Gutenberg _v44237 |
|
| 856 | 4 | 0 | _uhttp://www.gutenberg.org/ebooks/44237 |
| 942 | _cEB | ||
| 999 |
_c273488 _d273488 |
||